[Event "GER-chT U12"]
[Site "Magdeburg"]
[Date "2023.12.30"]
[Round "7.1"]
[White "Zargaran, Sepas"]
[Black "Retzlaff, Nick"]
[Result "1-0"]
[WhiteElo "1636"]
[BlackElo "1527"]
[PlyCount "95"]
[EventDate "2023.12.26"]
[EventType "team-swiss"]
[EventRounds "7"]
[EventCountry "GER"]
[SourceTitle "CB03_2024"]
[SourceDate "2024.01.17"]
[SourceVersion "1"]
[SourceVersionDate "2024.01.17"]
[SourceQuality "1"]
[WhiteTeam "Offenbach"]
[BlackTeam "Kornwestheim"]
[WhiteTeamCountry "GER"]
[BlackTeamCountry "GER"]

1. e4 c5 2. d4 cxd4 3. c3 Nf6 4. e5 Nd5 5. Nf3 Nc6 6. cxd4 d6 7. Bc4 Nb6 8. Bb3 e6 9. 0-0 dxe5 10. dxe5 Qc7 11. Bg5 Be7 12. Bxe7 Qxe7 13. Nc3 0-0 14. Qe2 Nd7 15. Rfd1 Nc5 16. Bc2 f6 17. exf6 Qxf6 18. Ne4 Nxe4 19. Qxe4 Qf5 20. Qe2 Qf6 21. Rd6 Nd8 22. Bb3 Nf7 23. Rd2 Re8 24. Re1 a5 25. Qb5 Re7 26. Red1 h6 27. Re2 Ra6 28. Rde1 Nd6 29. Qd3 Nf7 30. Ne5 Nxe5 31. Rxe5 Rf7 32. f3 a4 33. Bc4 Rc6 34. b3 axb3 35. axb3 Qe7 36. Qe3 Rf6 37. f4 Qb4 38. f5 Kf7 39. fxe6+ Ke7 40. Qg3 g5 41. Qd3 Bxe6 42. Qh7+ Kd8 43. Qh8+ Rf8 44. Qxh6 Qb6+ 45. Kh1 Qf2 46. Rxe6 Rxc4 47. Re8+ Rxe8 48. Qd6+ 1-0

[Event "GER-ch U10"]
[Site "Willingen"]
[Date "2023.05.31"]
[Round "7"]
[White "Hoppe, Arthur"]
[Black "Retzlaff, Nick"]
[Result "1/2-1/2"]
[WhiteElo "1430"]
[BlackElo "1523"]
[PlyCount "80"]
[EventDate "2023.05.27"]
[EventType "swiss"]
[EventRounds "11"]
[EventCountry "GER"]
[SourceTitle "CBM 214 Extra"]
[Source "ChessBase"]
[SourceDate "2023.07.31"]
[SourceVersion "1"]
[SourceVersionDate "2023.07.31"]
[SourceQuality "1"]

1. d4 Nf6 2. Nf3 e6 3. c4 d5 4. e3 c5 5. Nc3 Nc6 6. cxd5 exd5 7. Bb5 Qd6 8. 0-0 Bg4 9. h3 Bh5 10. Be2 cxd4 11. Nxd4 Bxe2 12. Qxe2 Nxd4 13. exd4+ Be7 14. Re1 a6 15. Bf4 Qd7 16. Bg5 Kf8 17. Qxe7+ Qxe7 18. Rxe7 Kxe7 19. Nxd5+ Kd6 20. Nxf6 gxf6 21. Bxf6 Rhe8 22. Be5+ Kd7 23. Rd1 Rac8 24. Rd2 Rc1+ 25. Kh2 Rec8 26. Kg3 Ke6 27. f4 R8c2 28. Rxc2 Rxc2 29. a3 f6 30. d5+ Ke7 31. Bc3 f5 32. Kf3 h5 33. g4 fxg4+ 34. hxg4 h4 35. Bb4+ Kd7 36. Be1 h3 37. Bg3 h2 38. Bxh2 Rxh2 39. g5 Rxb2 40. f5 Ke7 1/2-1/2

[Event "GER-ch U10"]
[Site "Willingen"]
[Date "2023.05.30"]
[Round "5"]
[White "Wuestenberg, Benjamin"]
[Black "Retzlaff, Nick"]
[Result "0-1"]
[WhiteElo "1343"]
[BlackElo "1523"]
[PlyCount "56"]
[EventDate "2023.05.27"]
[EventType "swiss"]
[EventRounds "11"]
[EventCountry "GER"]
[SourceTitle "CBM 214 Extra"]
[Source "ChessBase"]
[SourceDate "2023.07.31"]
[SourceVersion "1"]
[SourceVersionDate "2023.07.31"]
[SourceQuality "1"]

1. e4 e5 2. Nf3 Nc6 3. Bc4 Bc5 4. Nc3 Nf6 5. d3 d6 6. Bg5 h6 7. Bxf6 Qxf6 8. Nd5 Qd8 9. Qe2 Ne7 10. c3 c6 11. Ne3 Ng6 12. 0-0 Nf4 13. d4 Nxe2+ 14. Bxe2 exd4 15. cxd4 Bb6 16. e5 Be6 17. Rfd1 d5 18. b4 Qe7 19. Rab1 0-0 20. a4 a6 21. Bd3 f5 22. exf6 Qxf6 23. Rf1 Bxd4 24. Ne1 Bxe3 25. fxe3 Qe5 26. Nc2 Rxf1+ 27. Rxf1 Qc3 28. Rd1 Bg4 0-1